000 00475nam a2200181Ia 4500
005 20250423094237.0
008 250422s9999 xx 000 0 und d
020 _a0-9722197-0-6
050 _aBJ 1581.2 .M86/
100 _aMuncy, Jim
245 2 _aA few keys to all success : discovering the best person I can become
260 _aValdosta, Georgia
260 _bFew Keys
260 _c2002
300 _a151 p
650 _aA Few Keys to All Success
942 _cBK
999 _c26686
_d26686